| 000 | nam a22 7a 4500 | ||
|---|---|---|---|
| 999 |
_c30562 _d30562 |
||
| 008 | 190813b xxu||||| |||| 00| 0 eng d | ||
| 020 | _a0195731417 | ||
| 050 | _aQC 47 .K1 2003 | ||
| 100 | _aMuriithi Wilson | ||
| 245 |
_aPhysics form 1 : _bcomprehensive secondary/ _cWilson muriithi and Daniel Ringeera |
||
| 260 |
_aNairobi : _bOxford university Press, _c2003. |
||
| 300 |
_a120p, : _bill. ; _c22cm |
||
| 500 | _aInclude index | ||
| 505 | _aNew Syllabus | ||
| 650 |
_aPhysics _xSecondary school _yForm 1 _zKenya |
||
| 700 | _aRingeera Daniel | ||
| 942 |
_2lcc _cBOOKS _hQC 47 .K1 2003 |
||